| 000 | 00642nam a22002177a 4500 | ||
|---|---|---|---|
| 005 | 20140313100406.0 | ||
| 008 | 131118b xxu||||| |||| 00| 0 eng d | ||
| 020 | _a9780071078009 | ||
| 050 |
_aTX 911.3.M27 _b.B575 2012 |
||
| 100 | _aBhakta, Anutosh. | ||
| 245 |
_aProfessional hotel front office management / _cAnutosh Bhakta. |
||
| 260 |
_aNew Delhi : _bTata McGraw Hill Education, _c2012. |
||
| 300 |
_ax, 320 p. : _bill. ; _c24 cm. |
||
| 504 | _aIncludes Index. | ||
| 521 | _aTOU | ||
| 650 | _aHotel front desk personnel. | ||
| 650 | _aHotel management. | ||
| 942 |
_2lcc _cBK _kFOR |
||
| 999 |
_c25604 _d25604 |
||